| 000 | 00438nam a2200157Ia 4500 | ||
|---|---|---|---|
| 003 | GCL | ||
| 008 | 140319s9999 xx 000 0 ara d | ||
| 040 |
_aGCL / _cGCL |
||
| 082 | 0 | 4 |
_a016 _bا د |
| 245 | 1 | 0 | _aدليل المؤتمرات العلمية فى مصر |
| 300 |
_a399 ص ؛ _c50 سم |
||
| 650 | 0 | 4 | _aادلة |
| 650 | 0 | 4 | _aالمؤتمرات - ادلة - مصر |
| 650 | 0 | 4 | _aالمؤتمرات العلمية |
| 942 |
_2ddc _cBK |
||
| 999 |
_c5785 _d5785 |
||